000
00276nam a22001217a 4500
008
180122b xxu||||| |||| 00| 0 eng d
041
_a
eng
080
_a
030
100
_a
24
101
_a
ENC
245
_a
BRITANICA BOOK OF THE YEAR 1968
_c
WILLIAM.B
942
_2
udc
_c
BK
999
_c
40689
_d
40689